Domeny internetowe wszystkich krajów - Statystyki

Ogólne statystyki
  • Ten quiz został rozwiązany 59 razy
  • Średni wynik to 60 z 196
Statystyki odpowiedzi
Kraj Domena % Poprawnych
Grecja .gr
94%
Islandia .is
85%
Malta .mt
82%
Węgry .hu
79%
Iran .ir
76%
Andora .ad
73%
Haiti .ht
70%
Panama .pa
70%
Turcja .tr
70%
Trynidad i Tobago .tt
70%
Ukraina .ua
70%
Stany Zjednoczone .us
70%
Belgia .be
67%
Bhutan .bt
67%
Chiny .cn
64%
Cypr .cy
64%
Czechy .cz
64%
Niemcy .de
64%
Austria .at
61%
Egipt .eg
61%
Włochy .it
61%
Niger .ne
61%
Hiszpania .es
58%
Meksyk .mx
58%
Jamajka .jm
55%
Luksemburg .lu
55%
Nowa Zelandia .nz
55%
Pakistan .pk
55%
Uganda .ug
55%
Afganistan .af
52%
Kiribati .ki
52%
Lesotho .ls
52%
Nigeria .ng
52%
Portugalia .pt
52%
Szwajcaria .ch
48%
Gambia .gm
48%
Madagaskar .mg
48%
Polska .pl
48%
Tajlandia .th
48%
Turkmenistan .tm
48%
Jemen .ye
48%
Indonezja .id
45%
Słowenia .si
45%
Australia .au
42%
Brazylia .br
42%
Gwinea Bissau .gw
42%
Indie .in
42%
Dania .dk
39%
Francja .fr
39%
Gwinea .gn
39%
Mongolia .mn
39%
Serbia .rs
39%
Urugwaj .uy
39%
Białoruś .by
36%
Belize .bz
36%
Estonia .ee
36%
Ghana .gh
36%
Kuwejt .kw
36%
Liechtenstein .li
36%
Łotwa .lv
36%
Libia .ly
36%
Mjanma .mm
36%
Nauru .nr
36%
Rumunia .ro
36%
Wenezuela .ve
36%
Antigua i Barbuda .ag
33%
Angola .ao
33%
Dominika .dm
33%
Etiopia .et
33%
Honduras .hn
33%
Komory .km
33%
Mołdawia .md
33%
Singapur .sg
33%
Armenia .am
30%
Argentyna .ar
30%
Kanada .ca
30%
Kazachstan .kz
30%
Liberia .lr
30%
Monako .mc
30%
Malawi .mw
30%
Norwegia .no
30%
Peru .pe
30%
Słowacja .sk
30%
San Marino .sm
30%
Senegal .sn
30%
Albania .al
27%
Bangladesz .bd
27%
Bahrajn .bh
27%
Boliwia .bo
27%
Kongo .cg
27%
Dżibuti .dj
27%
Gwatemala .gt
27%
Kenia .ke
27%
Kirgistan .kg
27%
Czarnogóra .me
27%
Malediwy .mv
27%
Oman .om
27%
Szwecja .se
27%
Tanzania .tz
27%
Uzbekistan .uz
27%
Watykan .va
27%
Zjednoczone Emiraty Arabskie .ae
24%
Burkina Faso .bf
24%
Bułgaria .bg
24%
Bahamy .bs
24%
Kolumbia .co
24%
Kostaryka .cr
24%
Erytrea .er
24%
Gabon .ga
24%
Korea Południowa .kr
24%
Laos .la
24%
Mali .ml
24%
Mauretania .mr
24%
Mauritius .mu
24%
Mozambik .mz
24%
Paragwaj .py
24%
Rosja .ru
24%
Sudan Południowy .ss
24%
Tadżykistan .tj
24%
Tunezja .tn
24%
Wielka Brytania .uk
24%
Vanuatu .vu
24%
Azerbejdżan .az
21%
Chile .cl
21%
Dominikana .do
21%
Finlandia .fi
21%
Chorwacja .hr
21%
Irlandia .ie
21%
Jordania .jo
21%
Japonia .jp
21%
Liban .lb
21%
Litwa .lt
21%
Maroko .ma
21%
Nepal .np
21%
Somalia .so
21%
Syria .sy
21%
Timor Wschodni .tl
21%
Tajwan .tw
21%
Wietnam .vn
21%
Gujana .gy
18%
Saint Kitts i Nevis .kn
18%
Macedonia Północna .mk
18%
Namibia .na
18%
Tonga .to
18%
Zambia .zm
18%
Zimbabwe .zw
18%
Ekwador .ec
15%
Gruzja .ge
15%
Gwinea Równikowa .gq
15%
Irak .iq
15%
Kambodża .kh
15%
Wyspy Marshalla .mh
15%
Malezja .my
15%
Seszele .sc
15%
Surinam .sr
15%
Togo .tg
15%
Republika Południowej Afryki .za
15%
Brunei .bn
12%
Kamerun .cm
12%
Kuba .cu
12%
Republika Zielonego Przylądka .cv
12%
Papua-Nowa Gwinea .pg
12%
Katar .qa
12%
Sudan .sd
12%
Salwador .sv
12%
Bośnia i Hercegowina .ba
9%
Burundi .bi
9%
Wybrzeże Kości Słoniowej .ci
9%
Fidżi .fj
9%
Izrael .il
9%
Nikaragua .ni
9%
Holandia .nl
9%
Filipiny .ph
9%
Rwanda .rw
9%
Arabia Saudyjska .sa
9%
Tuvalu .tv
9%
Barbados .bb
6%
Botswana .bw
6%
Republika Środkowoafrykańska .cf
6%
Algeria .dz
6%
Mikronezja .fm
6%
Grenada .gd
6%
Saint Lucia .lc
6%
Sri Lanka .lk
6%
Sierra Leone .sl
6%
Eswatini .sz
6%
Kosowo .xk (nieoficjalnie)
6%
Benin .bj
3%
Demokratyczna Republika Konga .cd
3%
Korea Północna .kp
3%
Palau .pw
3%
Wyspy Salomona .sb
3%
Wyspy Św. Tomasza i Książęca .st
3%
Saint Vincent i Grenadyny .vc
3%
Samoa .ws
3%
Czad .td
0%
Nie znaleziono quizów pasujących do podanych kryteriów
Rozkład punktacji
Procent ludzi z każdym wynikiem
Percentyl według liczby udzielonych odpowiedzi
Twoja historia wyników
Nie rozwiązałeś tego quizu